Bhattacharjee v Blackburn with Darwen BC (Record no. 69845)
[ view plain ]
| 000 -LEADER | |
|---|---|
| fixed length control field | 01037cam a2200205 4500 |
| 001 - CONTROL NUMBER | |
| control field | X117247 |
| 008 - FIXED-LENGTH DATA ELEMENTS--GENERAL INFORMATION | |
| fixed length control field | 020327n2002 000 0 eng u |
| 035 ## - SYSTEM CONTROL NUMBER | |
| System control number | (Sirsi) u117247 |
| 245 ## - TITLE STATEMENT | |
| Title | Bhattacharjee v Blackburn with Darwen BC |
| 260 ## - PUBLICATION, DISTRIBUTION, ETC. | |
| Date of publication, distribution, etc. | 2002 |
| 490 ## - SERIES STATEMENT | |
| Series statement | Rating and Valuation Reporter |
| Volume/sequential designation | {2002} RVR 55-61(7) |
| 520 ## - SUMMARY, ETC. | |
| Summary, etc. | LT 26 January 2000. ACQ/10/1999. Claim for compulsory purchase statute-barred due to 6 year limitation period provided by the Compulsory Purchase (Vesting Declarations) Act 1981 s10(3). Full copy of judgement available http://www.courtservice.gov.uk/tribunals/lands/decisions/dec-acq-10-99.htm |
| 650 ## - SUBJECT ADDED ENTRY--TOPICAL TERM | |
| Topical term or geographic name entry element | BHATTACHARJEE V BLACKBURN WITH DARWEN BC |
| 650 ## - SUBJECT ADDED ENTRY--TOPICAL TERM | |
| Topical term or geographic name entry element | COMPULSORY PURCHASE (VESTING DECLARATIONS) ACT 1981 S10(3) |
| 650 ## - SUBJECT ADDED ENTRY--TOPICAL TERM | |
| Topical term or geographic name entry element | DISTURBANCE |
| 650 ## - SUBJECT ADDED ENTRY--TOPICAL TERM | |
| Topical term or geographic name entry element | COMPENSATION LIMIT |
| 690 ## - LOCAL SUBJECT ADDED ENTRY--TOPICAL TERM (OCLC, RLIN) | |
| Topical term or geographic name as entry element | ENVIRONMENTAL AND LAND CONSULTANCY-PLANNING AND DEVELOPMENT-COMPULSORY PURCHASE AND COMPENSATION |
| 856 ## - ELECTRONIC LOCATION AND ACCESS | |
| Uniform Resource Identifier | <a href="https://www.courtservice.gov.uk/tribunals/lands/decisions/dec-acq-10-99.htm">https://www.courtservice.gov.uk/tribunals/lands/decisions/dec-acq-10-99.htm</a> |
| 942 ## - ADDED ENTRY ELEMENTS (KOHA) | |
| Suppress in OPAC | 0 |
| Withdrawn status | Lost status | Source of classification or shelving scheme | Damaged status | Not for loan | Home library | Current library | Shelving location | Date acquired | Total Checkouts | Full call number | Barcode | Date last seen | Copy number | Price effective from | Koha item type |
|---|---|---|---|---|---|---|---|---|---|---|---|---|---|---|---|
| Dewey Decimal Classification | London | London | Journals | 27/03/2002 | X117247 | 117247-1001 | 06/08/2019 | 1 | 06/08/2019 | Law report |